[Event "Madrid-ch Previa-A"]
[Site "Madrid"]
[Date "2025.02.17"]
[Round "7.6"]
[White "Albert Aparicio, Ismael"]
[Black "Pastor Alonso De Prado, Alberto"]
[Result "0-1"]
[WhiteElo "1886"]
[BlackElo "1963"]
[PlyCount "142"]
[GameId "2153014743937199"]
[EventDate "2025.02.03"]
[EventType "swiss"]
[EventRounds "9"]
[EventCountry "ESP"]

1. e4 d6 2. d4 Nf6 3. Nc3 Nbd7 4. f4 c5 5. e5 cxd4 6. Qxd4 Ng4 7. exd6 exd6 8. Nd5 Ngf6 9. Qe3+ Be7 10. Qxe7+ Qxe7+ 11. Nxe7 Kxe7 12. Bd2 Ne4 13. Nf3 Nxd2 14. Kxd2 Nc5 15. Re1+ Kf6 16. b4 Ne6 17. g3 Bd7 18. Bc4 Rhc8 19. Bb3 a5 20. a3 axb4 21. axb4 Ba4 22. Bxa4 Rxa4 23. f5 Nd8 24. Re4 Ra2 25. Rc1 Nc6 26. Rc4 Re8 27. Re1 Rxe1 28. Nxe1 d5 29. Rc5 Ke5 30. b5 Na5 31. Nd3+ Kd6 32. Rxd5+ Kxd5 33. Nb4+ Kc4 34. Nxa2 Kxb5 35. Kd3 Kc5 36. Nc3 Nc6 37. Ne4+ Kd5 38. c4+ Ke5 39. h3 b6 40. Ng5 f6 41. Nf7+ Kxf5 42. Nd6+ Ke6 43. Nc8 Ne5+ 44. Kc3 Nd7 45. Kd4 f5 46. g4 f4 47. h4 h6 48. h5 Kf6 49. Nd6 Kg5 50. Ne8 Kxg4 51. Nxg7 f3 52. Ke3 Ne5 53. Kf2 Nxc4 54. Ne6 Ne5 55. Nd4 Kxh5 56. Kg3 Kg5 57. Nb5 Kf5 58. Nd6+ Ke6 59. Ne4 b5 60. Kf4 b4 61. Ke3 Kd5 62. Nf6+ Kc4 63. Kd2 Kd4 64. Nh5 b3 65. Ng3 Nc4+ 66. Kc1 Kd3 67. Nf1 h5 68. Ng3 h4 69. Nf1 b2+ 70. Kb1 Kc3 71. Ka2 Kc2 0-1

[Event "Madrid-ch Previa-A"]
[Site "Madrid"]
[Date "2025.02.17"]
[Round "7.7"]
[White "Bocancea, Cristian Andrei"]
[Black "Sanchez Rodriguez, Jaime"]
[Result "1-0"]
[WhiteElo "1905"]
[BlackElo "1952"]
[PlyCount "105"]
[GameId "2153016354586814"]
[EventDate "2025.02.03"]
[EventType "swiss"]
[EventRounds "9"]
[EventCountry "ESP"]

1. d4 Nf6 2. c4 d6 3. Nc3 e5 4. d5 Bf5 5. e3 g6 6. Be2 Bg7 7. Nf3 Qe7 8. O-O O-O 9. b3 c5 10. dxc6 bxc6 11. Ba3 Rd8 12. Qd2 c5 13. Rac1 e4 14. Nh4 Bc8 15. g3 Nc6 16. f3 Bh3 17. Rfe1 g5 18. Ng2 Rac8 19. f4 h6 20. Rcd1 a5 21. Bb2 d5 22. Nxd5 Nxd5 23. cxd5 Nb4 24. d6 Qf8 25. a3 Nc6 26. Bxg7 Qxg7 27. Qc2 Bf5 28. Qxc5 Qf6 29. Ba6 Rb8 30. Qxc6 Rxb3 31. Qc5 Rb2 32. fxg5 Qe6 33. Rd5 Bh3 34. Nf4 Qg4 35. Be2 Qd7 36. Qc7 Rdb8 37. Qxd7 Bxd7 38. gxh6 R2b3 39. Rxa5 Rxe3 40. Kf2 Reb3 41. Bc4 Rf3+ 42. Kg1 e3 43. Bd5 Rf2 44. Ra8 Rxa8 45. Bxa8 Ra2 46. Rxe3 Ra1+ 47. Kf2 Ra2+ 48. Kf3 Kh7 49. Nd5 Kxh6 50. Nf6 Be6 51. d7 Rd2 52. Rxe6 fxe6 53. Bd5 1-0

[Event "Madrid-ch Previa-A"]
[Site "Madrid"]
[Date "2025.02.17"]
[Round "7.9"]
[White "De la Orden Alcocer, Alejandro"]
[Black "Alvarez Abejon, Amilcar"]
[Result "0-1"]
[WhiteElo "1927"]
[BlackElo "1912"]
[PlyCount "118"]
[GameId "2153017929584860"]
[EventDate "2025.02.03"]
[EventType "swiss"]
[EventRounds "9"]
[EventCountry "ESP"]

1. Nf3 d6 2. c4 g6 3. g3 c5 4. Bg2 Bg7 5. O-O Nc6 6. Nc3 h5 7. h3 Nh6 8. d3 Bd7 9. Bg5 Qc8 10. h4 Bh3 11. Nd5 Bxg2 12. Kxg2 Bxb2 13. Rb1 Bg7 14. Qa4 Kf8 15. Rb3 Nf5 16. Rfb1 Rb8 17. e4 Nfd4 18. Nxd4 Bxd4 19. Nxe7 Nxe7 20. Bxe7+ Kxe7 21. Qxa7 Rf8 22. Rxb7+ Rxb7 23. Rxb7+ Kf6 24. Rd7 Kg7 25. Rxd6 Qb8 26. Qxb8 Rxb8 27. Ra6 Rb2 28. a4 Rxf2+ 29. Kh3 Rd2 30. a5 Rxd3 31. Rc6 Rc3 32. a6 Rxc4 33. Kg2 Ra4 34. Kf3 c4 35. Ke2 Ra2+ 36. Kd1 c3 37. Kc1 c2 38. Kd2 Be5 39. Rxc2 Rxc2+ 40. Kxc2 Bb8 41. e5 f6 42. exf6+ Kxf6 43. Kd3 Kf5 44. Ke2 Kg4 45. Kf2 Ba7+ 46. Kg2 Bb6 47. Kh2 Kf3 48. Kh3 Bf2 49. Kh2 Bxg3+ 50. Kg1 Bb8 51. Kh1 Kg4 52. Kg2 Kxh4 53. Kh1 g5 54. Kg2 g4 55. Kh1 Ba7 56. Kh2 g3+ 57. Kh1 Kg4 58. Kg2 h4 59. Kh1 Bb6 0-1

[Event "Madrid-ch Previa-A"]
[Site "Madrid"]
[Date "2025.02.17"]
[Round "7.10"]
[White "Martin Martin, Luis Vicente"]
[Black "Olmos Sanz, Francisco J"]
[Result "1-0"]
[WhiteElo "1916"]
[BlackElo "1717"]
[PlyCount "71"]
[GameId "2153019164692715"]
[EventDate "2025.02.03"]
[EventType "swiss"]
[EventRounds "9"]
[EventCountry "ESP"]

1. e4 c5 2. Nf3 d6 3. d4 cxd4 4. Qxd4 Bd7 5. c4 Nc6 6. Qd2 g6 7. b3 Bg7 8. Bb2 Nf6 9. Nc3 O-O 10. h3 a6 11. Bd3 Rc8 12. O-O e6 13. Rac1 Qc7 14. Bb1 Rfd8 15. Nd5 exd5 16. cxd5 Qb8 17. dxc6 Bxc6 18. Rfe1 b5 19. Nd4 Ba8 20. f3 b4 21. Rcd1 a5 22. Bd3 d5 23. e5 Nd7 24. e6 fxe6 25. Nxe6 Bxb2 26. Qxb2 d4 27. Qxd4 Ne5 28. Qxe5 Qxe5 29. Rxe5 Rc3 30. Nf4 Kf7 31. Bc4+ Rxc4 32. Rxd8 Rc1+ 33. Kh2 Bxf3 34. gxf3 Rc2+ 35. Re2 Rc3 36. Rd7+ 1-0

[Event "Madrid-ch Previa-A"]
[Site "Madrid"]
[Date "2025.02.17"]
[Round "7.11"]
[White "Urosa Sanchez, Pablo"]
[Black "Gal, Eugen"]
[Result "1-0"]
[WhiteElo "1829"]
[BlackElo "1971"]
[PlyCount "47"]
[GameId "2153020144197882"]
[EventDate "2025.02.03"]
[EventType "swiss"]
[EventRounds "9"]
[EventCountry "ESP"]

1. e4 c5 2. c3 a6 3. d4 cxd4 4. cxd4 b5 5. Nf3 Bb7 6. Bd3 Nf6 7. Qe2 e6 8. h3 Nc6 9. Nc3 b4 10. Nd1 Be7 11. Ne3 Qb6 12. Nc4 Qc7 13. e5 Nd5 14. Bd2 a5 15. Rc1 Nb6 16. Ne3 Qd8 17. O-O f5 18. exf6 Bxf6 19. d5 Nb8 20. dxe6 dxe6 21. Ng4 O-O 22. Qxe6+ Kh8 23. Nfe5 Bd5 24. Qf5 1-0

[Event "Madrid-ch Previa-A"]
[Site "Madrid"]
[Date "2025.02.17"]
[Round "7.12"]
[White "Arevillca Colque, Jonatan"]
[Black "Balsera Gomez, Antonio"]
[Result "1/2-1/2"]
[WhiteElo "1957"]
[BlackElo "1873"]
[PlyCount "101"]
[GameId "2153281015701590"]
[EventDate "2025.02.03"]
[EventType "swiss"]
[EventRounds "9"]
[EventCountry "ESP"]

1. e4 c6 2. Nc3 d5 3. Nf3 dxe4 4. Nxe4 Nf6 5. Qe2 Nxe4 6. Qxe4 Be6 7. d4 Bd5 8. Qe3 e6 9. Ne5 b5 10. b3 f6 11. Nd3 Bd6 12. Nf4 Bxf4 13. Qxf4 O-O 14. Be3 Nd7 15. Qg4 Qe7 16. Be2 e5 17. O-O f5 18. Qg5 Qxg5 19. Bxg5 exd4 20. Rfd1 Rae8 21. Bf1 h6 22. Bc1 Be4 23. Rxd4 Ne5 24. c3 Rd8 25. f3 Bd3 26. Ba3 Rfe8 27. Bd6 Bxf1 28. Bxe5 Rxd4 29. Bxd4 Bd3 30. Rd1 Bc2 31. Rd2 Bb1 32. Rb2 Re1+ 33. Kf2 Rc1 34. Bxa7 Kf7 35. Ke3 g5 36. Kd4 Ke6 37. Re2+ Kd7 38. Bc5 Rd1+ 39. Ke3 Rd3+ 40. Kf2 Rxc3 41. Bb4 Rc2 42. a4 Rxe2+ 43. Kxe2 Bc2 44. axb5 cxb5 45. Bf8 h5 46. b4 Ke6 47. Ke3 g4 48. fxg4 fxg4 49. Kf4 Kf6 50. Bc5 Bd3 51. Bd4+ 1/2-1/2

[Event "Madrid-ch Previa-A"]
[Site "Madrid"]
[Date "2025.02.17"]
[Round "7.13"]
[White "Lozano Argueso, Cesar"]
[Black "Lopez Heras, Arturo"]
[Result "1/2-1/2"]
[WhiteElo "1935"]
[BlackElo "1828"]
[PlyCount "65"]
[GameId "2151832521527356"]
[EventDate "2025.02.03"]
[EventType "swiss"]
[EventRounds "9"]
[EventCountry "ESP"]

1. e4 c5 2. Nf3 g6 3. d4 cxd4 4. Qxd4 Nf6 5. e5 Nc6 6. Qa4 Nd5 7. Qb3 Nc7 8. Bc4 Ne6 9. Bxe6 dxe6 10. O-O Bg7 11. Bf4 O-O 12. Qe3 Nb4 13. Qe4 Nd5 14. Bd2 Qc7 15. c4 Nb6 16. b3 Bd7 17. Bc3 Bc6 18. Qe3 Rfd8 19. Nbd2 Rd7 20. Ne4 Bxe4 21. Qxe4 Rad8 22. Rac1 Rd3 23. Nd4 Rxc3 24. Nb5 Rxc1 25. Nxc7 Rdd1 26. g3 Rxf1+ 27. Kg2 Rg1+ 28. Kf3 Nd7 29. Qxb7 Nxe5+ 30. Ke3 Rge1+ 31. Kd2 Rcd1+ 32. Kc2 Rc1+ 33. Kd2 1/2-1/2

[Event "Madrid-ch Previa-A"]
[Site "Madrid"]
[Date "2025.02.17"]
[Round "7.14"]
[White "Rodriguez Garcia, Jose Maria"]
[Black "Aldea Moreno, Marina"]
[Result "1-0"]
[WhiteElo "1935"]
[BlackElo "1823"]
[PlyCount "65"]
[GameId "2153285206675576"]
[EventDate "2025.02.03"]
[EventType "swiss"]
[EventRounds "9"]
[EventCountry "ESP"]

1. d4 Nf6 2. Nf3 g6 3. g3 Bg7 4. Bg2 O-O 5. O-O d6 6. c4 c6 7. Nc3 Bf5 8. Re1 Ne4 9. Nh4 Nxc3 10. bxc3 Be6 11. Qd3 d5 12. cxd5 cxd5 13. Rb1 Nc6 14. Rxb7 Qa5 15. Bf4 Qxa2 16. Qb5 Rfc8 17. e4 a6 18. Qf1 Na5 19. Ra1 Qc4 20. Rxa5 Qxc3 21. Ra1 dxe4 22. Bxe4 Qxd4 23. Re1 Bc4 24. Qg2 e5 25. Nf3 Qd6 26. Bd2 f5 27. Bb4 Qf6 28. Be7 Qf7 29. Ng5 Qe8 30. Bd5+ Bxd5 31. Qxd5+ Kh8 32. Nf7+ Kg8 33. Nd6+ 1-0

[Event "Madrid-ch Previa-A"]
[Site "Madrid"]
[Date "2025.02.17"]
[Round "7.15"]
[White "Marquez Misel, Michael Angel"]
[Black "Martinez Miura, Enrique"]
[Result "1-0"]
[WhiteElo "1879"]
[BlackElo "1685"]
[PlyCount "71"]
[GameId "2153285987623047"]
[EventDate "2025.02.03"]
[EventType "swiss"]
[EventRounds "9"]
[EventCountry "ESP"]

1. d4 d5 2. Bf4 e6 3. e3 Nf6 4. Nd2 Be7 5. Bd3 Nbd7 6. h4 b6 7. Ngf3 Bb7 8. Ne5 c5 9. c3 cxd4 10. exd4 Rc8 11. g4 Nxe5 12. Bxe5 O-O 13. Qe2 Nd7 14. Bg3 Re8 15. f4 Bd6 16. g5 Qc7 17. O-O-O Bxf4 18. Bxf4 Qxf4 19. Rdf1 Qxd4 20. Bxh7+ Kxh7 21. Qh5+ Kg8 22. Qxf7+ Kh8 23. Qxe8+ Rxe8 24. cxd4 e5 25. Rf7 Bc6 26. Nf3 e4 27. Ne5 Nxe5 28. dxe5 Rxe5 29. g6 Re8 30. Rhf1 Kg8 31. Rc7 Bb5 32. Rff7 e3 33. Rxg7+ Kh8 34. Rge7 Rxe7 35. Rxe7 d4 36. h5 1-0

[Event "Madrid-ch Previa-A"]
[Site "Madrid"]
[Date "2025.02.17"]
[Round "7.16"]
[White "Rubio Rivera, Felix"]
[Black "Vazquez Gonzalez, Jesus"]
[Result "0-1"]
[WhiteElo "1727"]
[BlackElo "1920"]
[PlyCount "72"]
[GameId "2153286740951194"]
[EventDate "2025.02.03"]
[EventType "swiss"]
[EventRounds "9"]
[EventCountry "ESP"]

1. e4 g6 2. d4 Bg7 3. Nf3 c5 4. c3 cxd4 5. cxd4 d5 6. e5 a6 7. Be2 Nc6 8. Nc3 h5 9. h4 Nh6 10. Qb3 e6 11. Be3 Nf5 12. Bd3 Nxe3 13. fxe3 Bh6 14. Kd2 b5 15. Rac1 Na5 16. Qc2 Nc4+ 17. Bxc4 dxc4 18. Ne4 O-O 19. Nf6+ Kg7 20. Rhg1 Bb7 21. Ke2 Qa5 22. g4 hxg4 23. Rxg4 Qxa2 24. h5 Bxf3+ 25. Kxf3 Rh8 26. hxg6 Qb3 27. Nh5+ Kf8 28. Qxb3 cxb3 29. g7+ Bxg7 30. Nxg7 Rh3+ 31. Kf4 Rh2 32. Rc7 Rxb2 33. Nh5 Rc2 34. Rb7 b2 35. Nf6 Rf2+ 36. Kg5 b1=Q 0-1

[Event "Madrid-ch Previa-A"]
[Site "Madrid"]
[Date "2025.02.17"]
[Round "7.17"]
[White "Lopez de Turiso, Jose Angel"]
[Black "Martin Buitrago Lopez, Antonio"]
[Result "1-0"]
[WhiteElo "1967"]
[BlackElo "1800"]
[PlyCount "105"]
[GameId "2153287328379049"]
[EventDate "2025.02.03"]
[EventType "swiss"]
[EventRounds "9"]
[EventCountry "ESP"]

1. c4 c6 2. Nc3 d5 3. cxd5 cxd5 4. d4 Nf6 5. f3 g6 6. e4 dxe4 7. fxe4 Bg7 8. Nf3 O-O 9. Be2 b6 10. O-O Bb7 11. Bd3 Nc6 12. d5 Nb4 13. Bb1 Qc7 14. Be3 Na6 15. Qd2 Nc5 16. Bf4 Qd8 17. Bc2 e6 18. Rad1 exd5 19. exd5 Re8 20. Rfe1 Nh5 21. Be5 Nf6 22. b4 Ncd7 23. Bd4 Rxe1+ 24. Nxe1 Qe7 25. a3 Re8 26. Bb3 Ne4 27. Nxe4 Qxe4 28. Bxg7 Kxg7 29. Nf3 Qe3+ 30. Qxe3 Rxe3 31. Nd4 Ne5 32. h3 Kf8 33. Kf2 Rd3 34. Rxd3 Nxd3+ 35. Ke3 Ne5 36. Nb5 a6 37. Nd6 Ba8 38. Kd4 Nd7 39. Ba4 b5 40. Bb3 Ke7 41. Ne4 f5 42. Nc5 Kd6 43. Nxd7 Kxd7 44. Ke5 Ke7 45. g3 Bb7 46. h4 Bc8 47. d6+ Kf8 48. Bd5 h6 49. Bc6 g5 50. d7 Bxd7 51. Bxd7 f4 52. gxf4 gxh4 53. Bh3 1-0

[Event "Madrid-ch Previa-A"]
[Site "Madrid"]
[Date "2025.02.17"]
[Round "7.18"]
[White "Pinan Gaviria, Jose"]
[Black "Ruiz Bellon, Manuel"]
[Result "0-1"]
[WhiteElo "1803"]
[BlackElo "1965"]
[PlyCount "150"]
[GameId "2153289259126978"]
[EventDate "2025.02.03"]
[EventType "swiss"]
[EventRounds "9"]
[EventCountry "ESP"]

1. e4 c6 2. d4 d5 3. Nc3 dxe4 4. Nxe4 Nd7 5. Bc4 Ngf6 6. Ng5 e6 7. Ne2 Nb6 8. Bd3 h6 9. Nf3 c5 10. c3 cxd4 11. Nexd4 Bd6 12. O-O O-O 13. Re1 a6 14. Ne5 Nbd5 15. Qf3 Qc7 16. Bf4 Nxf4 17. Qxf4 b5 18. Ndf3 Bb7 19. Qh4 Rad8 20. Rad1 Bd5 21. c4 bxc4 22. Bxc4 Bxc4 23. Nxc4 Bb4 24. Rf1 Nd5 25. Nce5 Be7 26. Qg3 Bd6 27. Rc1 Qb8 28. Rfe1 f6 29. Qg6 Bxe5 30. Nxe5 fxe5 31. Qxe6+ Kh8 32. Qxe5 Qxe5 33. Rxe5 Nf4 34. Rb1 Rfe8 35. Rxe8+ Rxe8 36. Kf1 Kg8 37. b4 Nd3 38. a4 Rb8 39. b5 axb5 40. axb5 Kf7 41. Ke2 Ne5 42. Ke3 Ke6 43. Kd4 Kd6 44. h3 Nd7 45. Kc4 Kc7 46. Re1 Rb6 47. Re7 g6 48. Rg7 Rd6 49. Rh7 h5 50. g4 hxg4 51. hxg4 Rf6 52. Kd5 Rd6+ 53. Kc4 Kb6 54. f4 Nf6 55. Rh4 Nd7 56. Rh6 Kc7 57. f5 Ne5+ 58. Kb4 g5 59. Rh5 Nf3 60. Kc4 Kb6 61. Rh3 Ne5+ 62. Kc3 Kxb5 63. Rh5 Nf7 64. Rh7 Rd7 65. Rg7 Kc5 66. Rg6 Kd5 67. Re6 Rc7+ 68. Kb3 Rc4 69. Ra6 Rxg4 70. Ra5+ Ke4 71. f6 Rf4 72. Ra4+ Kf5 73. Ra6 g4 74. Kc3 g3 75. Kd2 g2 0-1

[Event "Madrid-ch Previa-A"]
[Site "Madrid"]
[Date "2025.02.17"]
[Round "7.19"]
[White "Camarero Izquierdo, Juan Carlos"]
[Black "Forteza Ribot, Juan"]
[Result "1-0"]
[WhiteElo "1936"]
[BlackElo "1795"]
[PlyCount "91"]
[GameId "2153443304818056"]
[EventDate "2025.02.03"]
[EventType "swiss"]
[EventRounds "9"]
[EventCountry "ESP"]

1. d4 d5 2. Nc3 c5 3. dxc5 e6 4. Bf4 Bxc5 5. Bxb8 Rxb8 6. e3 Qb6 7. Bb5+ Bd7 8. Bxd7+ Kxd7 9. Rb1 Nf6 10. Nf3 Bd6 11. O-O a6 12. Ng5 Ke7 13. Ne2 h6 14. Nf3 g5 15. Nfd4 h5 16. Kh1 h4 17. b3 Ng4 18. h3 Nf6 19. c4 g4 20. hxg4 h3 21. g3 Nxg4 22. cxd5 Rbg8 23. dxe6 fxe6 24. Nf4 Bxf4 25. exf4 Qa5 26. Qf3 Qd5 27. Qxd5 exd5 28. Rfe1+ Kf7 29. f3 Nf6 30. g4 Re8 31. Re5 Rc8 32. Rbe1 Rhe8 33. Nf5 Rc6 34. Kh2 Rxe5 35. fxe5 Nh7 36. f4 Rc2+ 37. Kxh3 Rxa2 38. e6+ Ke8 39. e7 Nf6 40. Nd6+ Kd7 41. g5 Ne8 42. Nxe8 Kxe8 43. f5 Rb2 44. f6 Rxb3+ 45. Kg2 Rb4 46. f7+ 1-0

[Event "Madrid-ch Previa-A"]
[Site "Madrid"]
[Date "2025.02.17"]
[Round "7.21"]
[White "Martin Consuegra, Barrilero Javier"]
[Black "Barahona Torrijos, Angel"]
[Result "1-0"]
[WhiteElo "1798"]
[BlackElo "1828"]
[PlyCount "91"]
[GameId "2153448315921843"]
[EventDate "2025.02.03"]
[EventType "swiss"]
[EventRounds "9"]
[EventCountry "ESP"]

1. Nf3 d5 2. d4 Bf5 3. e3 e6 4. a3 c5 5. c4 Nf6 6. Nc3 Nc6 7. dxc5 dxc4 8. Bxc4 Qxd1+ 9. Kxd1 Bxc5 10. Ke2 Ke7 11. b4 Bd6 12. Bb2 a6 13. Rhc1 Rac8 14. Bb3 Rhd8 15. Na4 b5 16. Nc5 Na5 17. Ba2 Bxc5 18. bxa5 Bd3+ 19. Ke1 Bd6 20. Nd4 Be4 21. f3 Bb7 22. g3 Nd5 23. Ke2 b4 24. Bxd5 Bxd5 25. Kd2 bxa3 26. Bxa3 Bxa3 27. Rxa3 Rxc1 28. Kxc1 e5 29. Nf5+ Kf6 30. e4 g6 31. Ne3 Be6 32. Rc3 Kg7 33. h4 Rc8 34. Kc2 Rxc3+ 35. Kxc3 f5 36. Kb4 Kf6 37. Kc5 f4 38. gxf4 exf4 39. Nc2 g5 40. hxg5+ Kxg5 41. Kd6 Bc4 42. e5 h5 43. e6 h4 44. e7 Bb5 45. Nd4 Ba4 46. Nc6 1-0

[Event "Madrid-ch Previa-A"]
[Site "Madrid"]
[Date "2025.02.17"]
[Round "7.22"]
[White "Hetz, Robert"]
[Black "Jimenez Jimenez, Darfo"]
[Result "1-0"]
[WhiteElo "1825"]
[BlackElo "1710"]
[PlyCount "73"]
[GameId "2153449075811788"]
[EventDate "2025.02.03"]
[EventType "swiss"]
[EventRounds "9"]
[EventCountry "ESP"]

1. d4 Nf6 2. c4 d6 3. Nc3 g6 4. e4 Bg7 5. h3 O-O 6. Bg5 c5 7. d5 h6 8. Be3 a6 9. a4 e6 10. Bd3 exd5 11. cxd5 Re8 12. Nf3 c4 13. Bc2 Nbd7 14. O-O Ne5 15. Nxe5 Rxe5 16. f4 Re8 17. Rf3 Nd7 18. Qe2 Qc7 19. Raf1 Rb8 20. Qd2 b5 21. axb5 axb5 22. e5 dxe5 23. f5 b4 24. fxg6 fxg6 25. Ne4 c3 26. bxc3 bxc3 27. Qc1 Ba6 28. R1f2 Rf8 29. Bxh6 Rxf3 30. Rxf3 Qb6+ 31. Kh2 Qb2 32. Rxc3 Qb5 33. Bxg7 Kxg7 34. Qg5 Qxd5 35. Rc7 Rf8 36. Nc5 Bb5 37. Qxg6+ 1-0

[Event "Madrid-ch Previa-A"]
[Site "Madrid"]
[Date "2025.02.17"]
[Round "7.23"]
[White "Vukotic Jovsic, Dragan"]
[Black "Castro Miranda, Juan Raul"]
[Result "1-0"]
[WhiteElo "1812"]
[BlackElo "1776"]
[PlyCount "67"]
[GameId "2153449911514587"]
[EventDate "2025.02.03"]
[EventType "swiss"]
[EventRounds "9"]
[EventCountry "ESP"]

1. d4 Nf6 2. Nf3 e6 3. Bf4 c5 4. e3 Qb6 5. Nc3 cxd4 6. exd4 d5 7. Nb5 Na6 8. Bd3 Be7 9. c3 O-O 10. Ne5 Ne4 11. Qh5 f5 12. O-O Nd6 13. Nxd6 Bxd6 14. b3 Nc7 15. g4 Ne8 16. gxf5 exf5 17. Rac1 Nf6 18. Qh3 Ne4 19. f3 Nxc3 20. Qg3 Qxd4+ 21. Kh1 Re8 22. Rce1 Bf8 23. Rg1 Qb6 24. Nc4 Qc6 25. Rxe8 Qxe8 26. Be5 g6 27. Bxc3 Bg7 28. Nd6 Qf8 29. Bxg7 Qxg7 30. Bxf5 Bxf5 31. Nxf5 Qd7 32. Qe5 Rc8 33. Nh6+ Kf8 34. Qf6+ 1-0

[Event "Madrid-ch Previa-A"]
[Site "Madrid"]
[Date "2025.02.17"]
[Round "7.24"]
[White "Fernandez Rios, Jose Francisco"]
[Black "Hernandez Gutierrez, Jose"]
[Result "0-1"]
[WhiteElo "1720"]
[BlackElo "1825"]
[PlyCount "40"]
[GameId "2153450600904170"]
[EventDate "2025.02.03"]
[EventType "swiss"]
[EventRounds "9"]
[EventCountry "ESP"]

1. d4 Nf6 2. c4 e6 3. Nc3 Bb4 4. f3 O-O 5. e3 c5 6. d5 d6 7. e4 Bxc3+ 8. bxc3 Ne8 9. Bd3 Qh4+ 10. g3 Qh5 11. Qe2 e5 12. h4 f5 13. f4 Qxe2+ 14. Nxe2 fxe4 15. Bxe4 Nd7 16. O-O Ndf6 17. Bc2 Ng4 18. Bd2 Nef6 19. fxe5 Nxe5 20. Bb3 Bg4 0-1

[Event "Madrid-ch Previa-A"]
[Site "Madrid"]
[Date "2025.02.17"]
[Round "7.25"]
[White "Santos Rodriguez, Jose"]
[Black "Iribarren Galarza, Aritz"]
[Result "0-1"]
[WhiteElo "1710"]
[BlackElo "1810"]
[PlyCount "50"]
[GameId "2153451098584569"]
[EventDate "2025.02.03"]
[EventType "swiss"]
[EventRounds "9"]
[EventCountry "ESP"]

1. d4 Nf6 2. Bf4 g6 3. Nc3 Bg7 4. e4 d6 5. Qd2 h5 6. O-O-O Nbd7 7. Nf3 d5 8. Bd3 Nb6 9. Nb5 O-O 10. Bxc7 Qe8 11. e5 Ne4 12. Qe2 Bd7 13. Bxb6 axb6 14. Kb1 Ra5 15. Na3 Rxa3 16. Bxe4 dxe4 17. bxa3 exf3 18. Qxf3 Qc8 19. Qb3 Bf5 20. Kb2 Qc6 21. f3 Rc8 22. Rd2 Bh6 23. Re2 Be6 24. Qd3 Bc4 25. d5 Qb5+ 0-1

[Event "Madrid-ch Previa-A"]
[Site "Madrid"]
[Date "2025.02.17"]
[Round "7.26"]
[White "Perez Hernandez, Alfonso"]
[Black "Villodre Miranda, Juan Alonso"]
[Result "1-0"]
[WhiteElo "1794"]
[BlackElo "1698"]
[PlyCount "83"]
[GameId "2153451579717128"]
[EventDate "2025.02.03"]
[EventType "swiss"]
[EventRounds "9"]
[EventCountry "ESP"]

1. Nf3 g6 2. c4 c5 3. Nc3 Bg7 4. g3 e5 5. Bg2 Ne7 6. d3 h6 7. O-O O-O 8. Nd5 Nbc6 9. a3 a5 10. Rb1 d6 11. Bd2 Nxd5 12. cxd5 Ne7 13. Ne1 b6 14. b4 axb4 15. axb4 Bd7 16. bxc5 bxc5 17. Qc1 Kh7 18. Nc2 Rb8 19. Ne3 Qc7 20. Qc2 Rxb1 21. Rxb1 Rb8 22. Nc4 Nc8 23. Ba5 Rxb1+ 24. Qxb1 Qa7 25. h4 h5 26. Kh2 Bf6 27. Qb2 Be7 28. Bc3 f6 29. Ba5 Kg7 30. Bh3 Bxh3 31. Kxh3 Qd7+ 32. Kg2 Qa7 33. Qb5 Kf7 34. Qc6 Qb8 35. Bc7 Qb1 36. Nxd6+ Nxd6 37. Bxd6 e4 38. Qd7 exd3 39. Qxe7+ Kg8 40. Qf8+ Kh7 41. Qf7+ Kh8 42. Bf8 1-0

[Event "Madrid-ch Previa-A"]
[Site "Madrid"]
[Date "2025.02.17"]
[Round "7.27"]
[White "Quintans Cunha, Guillerme"]
[Black "De Dompablo Fantova, Juan"]
[Result "0-1"]
[WhiteElo "1685"]
[BlackElo "1782"]
[PlyCount "156"]
[GameId "2153454437848608"]
[EventDate "2025.02.03"]
[EventType "swiss"]
[EventRounds "9"]
[EventCountry "ESP"]

1. e4 e5 2. Nf3 Nc6 3. Bc4 Nf6 4. d3 Bc5 5. c3 d6 6. O-O a6 7. a4 h6 8. h3 Ba7 9. Re1 O-O 10. d4 Qe7 11. Qd3 Nd8 12. Nbd2 c6 13. dxe5 dxe5 14. Nf1 Nh5 15. Ba2 Qf6 16. b4 Ne6 17. Be3 Nef4 18. Qd1 Rd8 19. N3d2 Qg6 20. Qf3 Nxh3+ 21. Kh2 N3f4 22. Bxa7 Rxa7 23. g3 Rd3 24. Re3 Bg4 25. Qh1 Rxe3 26. Nxe3 Nd3 27. Nxg4 Qxg4 28. Qf3 Qxf3 29. Nxf3 Nxf2 30. Nxe5 Nf6 31. Bxf7+ Kf8 32. Bg6 N2xe4 33. Nd7+ Nxd7 34. Bxe4 Nf6 35. Rf1 Ke7 36. Bf5 Nd5 37. Rf3 Ra8 38. Bg6 Rf8 39. Rxf8 Kxf8 40. c4 Nxb4 41. Bf5 b6 42. Kg2 Ke7 43. Kf3 Kf6 44. Ke4 a5 45. g4 Na6 46. Kd4 Nc5 47. Bc2 g6 48. Bd1 Ke6 49. Bf3 Kd6 50. Bd1 Ne6+ 51. Kc3 Kc5 52. Be2 Nf4 53. Bd1 Ng2 54. Bf3 Nf4 55. Bd1 h5 56. gxh5 gxh5 57. Bf3 h4 58. Be4 h3 59. Bh1 h2 60. Kd2 Ne6 61. Kc3 Nd4 62. Kd3 Nf5 63. Kc3 Nd6 64. Bg2 Nxc4 65. Bh1 Ne5 66. Bg2 Ng4 67. Bh1 Nf2 68. Bg2 h1=Q 69. Bxh1 Nxh1 70. Kb3 Kd4 71. Kb2 b5 72. axb5 cxb5 73. Kb3 Kd3 74. Kb2 a4 75. Ka3 Kc3 76. Ka2 b4 77. Kb1 Kb3 78. Ka1 Kc2 0-1

[Event "Madrid-ch Previa-A"]
[Site "Madrid"]
[Date "2025.02.17"]
[Round "7.28"]
[White "Munoz Rodriguez, Blas"]
[Black "Guardiola Sevilla, Antonio"]
[Result "0-1"]
[WhiteElo "1683"]
[BlackElo "1777"]
[PlyCount "82"]
[GameId "2153456388797998"]
[EventDate "2025.02.03"]
[EventType "swiss"]
[EventRounds "9"]
[EventCountry "ESP"]

1. d4 Nf6 2. Bf4 g6 3. Nc3 Bg7 4. e3 O-O 5. Be2 d6 6. Nf3 Re8 7. Qd2 Bf5 8. O-O-O Nbd7 9. Nh4 Ne4 10. Nxe4 Bxe4 11. f3 e5 12. Nxg6 Bxg6 13. dxe5 Nxe5 14. h4 h5 15. g4 Qe7 16. Rdg1 Qe6 17. Kb1 Nc4 18. Bxc4 Qxc4 19. gxh5 Qb5 20. b3 Qxh5 21. Qf2 Qc5 22. Qd2 Re5 23. Bxe5 Qxe5 24. Qd4 Qa5 25. Rxg6 fxg6 26. Qd3 Qe5 27. c3 Qxc3 28. Qxc3 Bxc3 29. Kc2 Bf6 30. Kd3 Kg7 31. e4 Rh8 32. Rc1 c5 33. Rc4 Rxh4 34. Ra4 a6 35. Rc4 Rh3 36. Ke2 Rh2+ 37. Ke3 Rxa2 38. Kf4 Be5+ 39. Ke3 Rb2 40. b4 Rb3+ 41. Kf2 Rc3 0-1

[Event "Madrid-ch Previa-A"]
[Site "Madrid"]
[Date "2025.02.17"]
[Round "7.29"]
[White "Gonzalez Bolado, David"]
[Black "Cujba, Anca Claudia"]
[Result "1-0"]
[WhiteElo "1583"]
[BlackElo "1747"]
[PlyCount "135"]
[GameId "2153773363015820"]
[EventDate "2025.02.03"]
[EventType "swiss"]
[EventRounds "9"]
[EventCountry "ESP"]

1. e4 b6 2. d4 Bb7 3. Bd3 Nf6 4. Nc3 e6 5. Qe2 Bb4 6. Bd2 Bxc3 7. Bxc3 d5 8. e5 Ne4 9. Bd2 Nd7 10. Nf3 c5 11. c3 h6 12. O-O O-O 13. Be1 Rc8 14. Nd2 Ng5 15. f4 Nh7 16. Qg4 cxd4 17. cxd4 Nb8 18. Bh4 Qe8 19. Rf3 f5 20. exf6 Nxf6 21. Bxf6 Rxf6 22. Re1 Ba6 23. Bb1 Qa4 24. Nb3 Re8 25. Rfe3 Bc8 26. f5 e5 27. Rxe5 Rxe5 28. Rxe5 Qc6 29. Qf3 Bb7 30. Qh5 Kf8 31. Qe2 Na6 32. Bd3 Nc7 33. h4 a5 34. Qe3 a4 35. Nc1 Nb5 36. g4 Nxd4 37. g5 Rd6 38. Ne2 Nxe2+ 39. Qxe2 hxg5 40. hxg5 Qc1+ 41. Kf2 Qf4+ 42. Ke1 Qg3+ 43. Kd1 Qg1+ 44. Qe1 Qg4+ 45. Qe2 Qg1+ 46. Qe1 Qxe1+ 47. Kxe1 Bc6 48. Kd2 Be8 49. Ke3 d4+ 50. Kf4 g6 51. f6 Rd8 52. Re1 b5 53. Ke5 Bc6 54. Rc1 Rd5+ 55. Ke6 Bb7 56. Rc7 Rd8 57. Rxb7 Re8+ 58. Re7 Rd8 59. f7 b4 60. Re8+ Rxe8+ 61. fxe8=Q+ Kxe8 62. Kf6 a3 63. b3 Kf8 64. Kxg6 Kg8 65. Bc4+ Kh8 66. Kf7 d3 67. g6 d2 68. g7+ 1-0